000 00530nam a2200181Ia 4500
999 _c32153
_d32153
003 OSt
005 20200728105842.0
008 190216s9999||||xx |||||||||||||| ||und||
020 _a9788181283221
040 _coclc
082 _a510.76
_bAND/M
100 _aAndreescu, Titu
_93815
245 0 _aMathematical Olympiad Treasures /
_cTitu Andreescu ; Bogdan Enescu
260 _bSpringer,
_aNew Delhi:
_c2007.
300 _a234p
650 _aMathematics
942 _cBK
_2ddc
_h510.76
_iAND/M
_k510.76
_mAND/M